[Event "Mecklenburg VP-chC"]
[Site "Greifswald"]
[Date "2024.03.26"]
[Round "7"]
[White "Decker, Nils1"]
[Black "Berndt, Till Henrik"]
[Result "1/2-1/2"]
[WhiteElo "1631"]
[BlackElo "1485"]
[PlyCount "96"]
[EventDate "2024.03.23"]
[EventType "swiss"]
[EventRounds "7"]
[EventCountry "GER"]
[SourceTitle "CB14_2024"]
[SourceDate "2024.04.01"]
[SourceVersion "1"]
[SourceVersionDate "2024.04.01"]
[SourceQuality "1"]

1. e4 e5 2. Nf3 Nc6 3. Bb5 a6 4. Ba4 b5 5. Bb3 Nf6 6. 0-0 h6 7. d4 d6 8. Re1 Bg4 9. h3 Bh5 10. c3 d5 11. exd5 Nxd5 12. dxe5 Nb6 13. e6 Qxd1 14. exf7+ Kd8 15. Rxd1+ Bd6 16. g4 Bxf7 17. Bxf7 Rf8 18. Ng5 hxg5 19. Bxg5+ Kd7 20. Bg6 Ne5 21. Bf5+ Rxf5 22. gxf5 Nf3+ 23. Kg2 Nxg5 24. Nd2 Nc4 25. Nxc4 bxc4 26. Rd4 Re8 27. Rg4 Ne4 28. Re1 Nf6 29. Rxg7+ Kc6 30. Rxe8 Nxe8 31. Rg6 Kd7 32. Kf3 a5 33. a4 Ke7 34. h4 Nf6 35. Rxf6 Kxf6 36. Ke4 Bc5 37. f4 c6 38. h5 Bf8 39. Kd4 Kxf5 40. Kxc4 Kxf4 41. h6 Bxh6 42. Kc5 Ke4 43. Kxc6 Kd3 44. Kb5 Bc1 45. c4 Bxb2 46. c5 Be5 47. Kxa5 Kc4 48. Kb6 Bd4 1/2-1/2